Manual de stocks (Registro nro. 2395)

Detalles MARC
000 -LEADER
fixed length control field 00904 a2200217 4500
001 - CONTROL NUMBER
control field 33798
005 - DATE AND TIME OF LATEST TRANSACTION
control field 20260407155629.0
008 - FIXED-LENGTH DATA ELEMENTS--GENERAL INFORMATION
fixed length control field 260407a1979 arg spa d
003 - CONTROL NUMBER IDENTIFIER
control field AR-UNSa-BCEJYS
040 ## - CATALOGING SOURCE
Original cataloging agency AR-UNSa-BCEJYS
Language of cataloging spa
Transcribing agency AR-UNSa-BCEJYS
080 ## - UNIVERSAL DECIMAL CLASSIFICATION NUMBER
Universal Decimal Classification number 658.787
Common auxiliary subdivision Control de existencias. Inventarios (Stock)<br/>
100 1# - MAIN ENTRY--PERSONAL NAME
Personal name Munier, Nolberto J.
245 10 - TITLE STATEMENT
Title Manual de stocks
Name of part/section of a work la implemantación integral y práctica del control de stocks en la empresa
250 ## - EDITION STATEMENT
Edition statement 2a. ed.
264 #1 - PRODUCTION, PUBLICATION, DISTRIBUTION, MANUFACTURE, AND COPYRIGHT NOTICE
Place of production, publication, distribution, manufacture Buenos Aires :
Name of producer, publisher, distributor, manufacturer Astrea
Date of production, publication, distribution, manufacture, or copyright notice 1979
300 ## - PHYSICAL DESCRIPTION
Extent 190 p.
Dimensions 22 cm.
505 ## - FORMATTED CONTENTS NOTE
Formatted contents note 1. Introducción - 2. Normalización y codificación - 3. Diagarama ABC - 4. Teoría de los stocks - 5. Políticas de stocks. Aplicaciones prácticas - Apéndice.<br/>
590 ## - LOCAL NOTE (RLIN)
Local note niveau_biblio:m niveau_hierar:0
856 41 - ELECTRONIC LOCATION AND ACCESS
Uniform Resource Identifier <a href="https://biblioeco.unsa.edu.ar/pmb/images/libros/L39753.jpg">https://biblioeco.unsa.edu.ar/pmb/images/libros/L39753.jpg</a>
Link text Imagen de portada
Electronic format type image/jpeg
942 ## - ADDED ENTRY ELEMENTS (KOHA)
Koha item type
Existencias
Withdrawn status Lost status Damaged status Not for loan Home library Current library Shelving location Date acquired Total checkouts Full call number Barcode Date last seen Price effective from Koha item type Public note
        Biblioteca Prof. Eusebio Cleto del Rey Biblioteca Prof. Eusebio Cleto del Rey   07/04/2026   658.787 M963 2ed. L39753 07/04/2026 07/04/2026 Libro ESCRITO Y SUBRAYADO C/ LÁPIZ - RAYADO LEVE C/ LAPICERA NEGRA Y AZUL - MANCHADO
        Biblioteca Prof. Eusebio Cleto del Rey Biblioteca Prof. Eusebio Cleto del Rey   07/04/2026   658.787 M963 2ed. L39754 07/04/2026 07/04/2026 Libro SUBRAYADO C/ LAPICERA ROJA, VERDE Y AZUL - 1RA Y ÚLTIMA HOJA DAÑADA
        Biblioteca Prof. Eusebio Cleto del Rey Biblioteca Prof. Eusebio Cleto del Rey   07/04/2026   658.787 M963 2ed. L12305 07/04/2026 07/04/2026 Libro SUBRAYADO C/ LÁPIZ - SUBRAYADO C/ LAPICERA NEGRA - FIBRA ROSADA PÁG. 120 - MANCHADO - HÚMEDO
        Biblioteca Prof. Eusebio Cleto del Rey Biblioteca Prof. Eusebio Cleto del Rey   07/04/2026   658.787 M963 2ed. L25779 07/04/2026 07/04/2026 Libro ESCRITO Y SUBRAYADO C/ LÁPIZ - SUBRAYADO C/ LAPICERA ROJA Y AZUL - RAYADO C/ LAPICERA ROSADA Y NEGRA - PARTIDO PÁG. 112 - MANCHADO
        Biblioteca Prof. Eusebio Cleto del Rey Biblioteca Prof. Eusebio Cleto del Rey   07/04/2026   658.787 M963 2ed. L26890 07/04/2026 07/04/2026 Libro ESCRITO Y SUBRAYADO C/ LÁPIZ - RAYADO LEVE C/ LAPICERA AZUL - MANCHADO - CORRECTOR PÁG. 129 - CINTA AL FINAL
        Biblioteca Prof. Eusebio Cleto del Rey Biblioteca Prof. Eusebio Cleto del Rey   07/04/2026   658.787 M963 2ed. L12304 07/04/2026 07/04/2026 Libro HOJAS SEMISUELTAS - MANCHA EN LA PARTE INFERIOR - ESCRITO Y SUBRAYADO C/ LÁPIZ, C/ LAPICERA AZUL, NEGRA - FLUOR VERDE - MANCHADO
        Biblioteca Prof. Eusebio Cleto del Rey Biblioteca Prof. Eusebio Cleto del Rey   07/04/2026   658.787 M963 2ed. L33502 07/04/2026 07/04/2026 Libro ESCRITO Y SUBRAYADO C/ LÁPIZ - CANTO LATERAL MANCHADO